Anthropological reflections on missiological issues /

সংরক্ষণ করুন:
গ্রন্থ-পঞ্জীর বিবরন
প্রধান লেখক: Hiebert, Paul G.
বিন্যাস: গ্রন্থ
ভাষা:ইংরেজি
প্রকাশিত: Grand Rapids : Baker, c1994.
বিষয়গুলি:
ট্যাগগুলো: ট্যাগ যুক্ত করুন
কোনো ট্যাগ নেই, প্রথমজন হিসাবে ট্যাগ করুন!

MARC

LEADER 00000cam a22000002a 4500
001 0000002615
003 DAYSTAR
005 20180808020006.0
008 030703s1994 xx 001 0 eng d
020 |a 0801043948 
040 |a Daystar 
040 |d Gmuthoni 
050 0 0 |a BV2063  |b .H46 
100 1 |a Hiebert, Paul G. 
245 1 0 |a Anthropological reflections on missiological issues /  |c Paul G. Hiebert. 
260 |a Grand Rapids :  |b Baker,  |c c1994. 
300 |a 272 p. 
650 0 |a Christianity and culture. 
650 0 |a Missions  |x Anthropological aspects. 
650 0 |a Missions  |x Theory. 
908 |a 060412 
942 |c G  |0 1 
952 |0 0  |1 0  |2 lcc  |4 0  |6 BV2063 H46  |7 0  |9 78538  |a DUA  |b DUA  |c GC  |d 2017-09-28  |l 0  |o BV2063.H46  |p BK029416  |r 2017-09-28 00:00:00  |w 2017-09-28  |x 55876  |y G 
952 |0 0  |1 0  |4 0  |6 BV_2063_000000000000000_H46  |7 0  |9 78539  |a DUN  |b DUN  |c GC  |d 2017-09-28  |l 2  |m 2  |o BV2063.H46  |p BK043807  |r 2018-08-18 00:00:00  |s 2018-08-07  |w 2017-09-28  |y G 
989 |a 1488783135 
999 |c 40028  |d 40028